Statistiques concernant Quiz sur le livre Harry Potter et le Prince de Sang-Mêlé

Cliquez ici pour prendre le quiz!

Statistiques générales

  • Ce quiz a été pris 52 fois
  • Le résultat moyen est 19 sur 43

Statistiques - réponses

InformationRéponse% Correct
PersonnageHarry Potter
98%
AuteureJK Rowling
98%
PersonnageHermione Granger
95%
PersonnageRon Weasley
95%
PersonnageAlbus Dumbledore
93%
PersonnageSeverus Rogue
93%
PersonnageDrago Malefoy
83%
PersonnageVoldemort
83%
Année de parution2005
81%
Titre originalHarry Potter and the Half-Blood Prince
67%
PersonnageHorace Slughorn
62%
Traducteur (Français)Jean-François Ménard
60%
Chapitre 9Le Prince de Sang-Mêlé
57%
Chapitre 14Felix Felicis
43%
Chapitre 30La tombe blanche
40%
Chapitre 23Les Horcruxes
40%
Chapitre 2L'impasse du Tisseur
40%
Chapitre 4Horace Slughorn
38%
Chapitre 26La caverne
38%
Chapitre 1L'autre ministre
38%
Chapitre 7Le club de Slug
36%
Chapitre 6L'escapade de Drago
33%
Chapitre 5Fleurk
31%
Chapitre 12Argent et opale
29%
Chapitre 27La tour frappée par la foudre
29%
Chapitre 15Le Serment Inviolable
29%
Chapitre 24Sectumsempra
29%
Chapitre 16Un Noël glacial
29%
Chapitre 22Après l'enterrement
26%
Chapitre 28La fuite du Prince
26%
Chapitre 29La lamentation du phénix
26%
Chapitre 11La main secourable d'Hermione
26%
Chapitre 10La maison des Gaunt
26%
Chapitre 20La requête de Lord Voldemort
26%
Chapitre 17Un souvenir brumeux
26%
Chapitre 3Dernières volontés et mauvaise volonté
24%
Chapitre 19Des elfes sur les talons
24%
Chapitre 13Le secret de Jedusor
24%
Chapitre 18Surprises d'anniversaire
24%
Chapitre 25A l'écoute de la voyante
21%
Chapitre 8La victoire de Rogue
21%
Chapitre 21La salle introuvable
19%
Nombre d'exemplaire vendus dans le monde entier65 millions
7%

Distribution des résultats

Percentile par nombre de réponses

% des personnes avec chaque résultat

Votre développement - résultats

Vous n’avez pas pris ce quiz